000
00321nam a22001457a 4500
020
_a
1-85326-033-9
082
_a
823.8 DOY
100
_a
Doyle, Arthur Conan
245
_a
The adventure of Sherlock Holmes
260
_a
Ware
_b
Wordsworth
_c
1992
300
_a
450 p.
500
_a
-
650
_a
1. Roman
942
_c
BK
999
_c
12696
_d
12696